000 00930nam a2200349 a 4500
003 AR-BaBNM
005 20251128204356.0
008 082120s2002 ||||||||||||||000 | spa||
020 _a950-07-0660-1
040 _cAR-BaBNM
100 1 _aVillafañe, Javier
245 0 0 _aEl hombre que debía adivinarle la edad al diablo
260 _aBuenos Aires
_bSudamericana
_c1991
300 _a53 p.
_bil.
490 0 _aPan flauta
_vv. 15
500 _aContiene El tío Kive
500 _aCartas del autor y la ilustradora a los lectores
650 4 _aCUENTO INFANTIL
650 4 _aLITERATURA INFANTIL
650 4 _aCULTURA
650 4 _aHUMANIDADES
650 4 _aFOLKLORE
650 4 _aLIBROS PARA NIÑOS
650 4 _aLITERATURA POPULAR
651 4 _aArgentina
653 _aADIVINANZAS
655 _aLITERATURA
700 1 _aContarbio, Delia
_eilustrador
800 0 _aCanela
942 _cBK
998 _cisola
999 _c7206
_d7206